Điện tử căn bản

Cuốn sách trình bày đến các vấn đề liên quan đến nền tảng của môn điện tử nhưng mang tính kế thừa có cập nhật những vấn đề mới. Cuốn sách đề cập đến hai vấn đề lớn đó là cơ sở kỹ thuật điện, linh kiện và mạnh điện tử....

ver descrição completa

Na minha lista:
Detalhes bibliográficos
Autor principal: Phạm, Đình Bảo
Formato: Livro
Idioma:Undetermined
Publicado em: Hà Nội Khoa học Kỹ thuật 2004
Assuntos:
Tags: Adicionar Tag
Sem tags, seja o primeiro a adicionar uma tag!
Thư viện lưu trữ: Trung tâm Học liệu Trường Đại học Cần Thơ
LEADER 00973nam a2200205Ia 4500
001 CTU_92512
008 210402s9999 xx 000 0 und d
020 |c 38000 
082 |a 621.381 
082 |b B108/T.1 
100 |a Phạm, Đình Bảo 
245 0 |a Điện tử căn bản 
245 0 |c Phạm Đình Bảo 
260 |a Hà Nội 
260 |b Khoa học Kỹ thuật 
260 |c 2004 
520 |a Cuốn sách trình bày đến các vấn đề liên quan đến nền tảng của môn điện tử nhưng mang tính kế thừa có cập nhật những vấn đề mới. Cuốn sách đề cập đến hai vấn đề lớn đó là cơ sở kỹ thuật điện, linh kiện và mạnh điện tử. 
650 |a Electronic apparatus and appliances,Electronic engineering,Transistors 
904 |i Năm 
980 |a Trung tâm Học liệu Trường Đại học Cần Thơ